000 01117nmc a2200385 a 4500
003 AR-BaBNM
005 20251128204955.0
008 011101s1995 ||||||||||||||000 | spa||
020 _a950-46-0256-8
040 _cAR-BaBNM
245 1 0 _aLos temas transversales
_bclaves de la formación integral
250 _a1ª ed.
260 _aBuenos Aires
_bSantillana
_c1995
300 0 _a165 p.
_btablas
490 0 _aAula XXI
_vv. 55
504 _aLa bibliografía se encuentra al final de cada capítulo
650 4 _aREFORMA DE LA EDUCACION
650 4 _aEDUCACION DEL CONSUMIDOR
650 4 _aENSENANZA DE LA CIENCIA
650 4 _aIGUALDAD DE EDUCACION
650 4 _aCOEDUCACION
650 4 _aPLANIFICACION DEL CURRICULO
650 4 _aMETODOS DE ENSENANZA
650 4 _aTECNICAS DIDACTICAS
653 _aEDUCACION PARA LA SALUD
653 _aTEMAS TRANSVERSALES
700 1 _aBusquets, María Dolors
700 1 _aCainzos, Manuel
700 1 _aFernández, Teresa
700 1 _aLeal, Aurora
700 1 _aMoreno, Montserrat
700 1 _aSastre, Genoveva
942 _cBK
998 _csilvi
999 _c9541
_d9541